| 000 | 01428pab a2200169 454500 | ||
|---|---|---|---|
| 008 | 180718b2010 xxu||||| |||| 00| 0 eng d | ||
| 100 | _aLinquist, Evert | ||
| 245 | _aFrom rhetoric to blueprint: the Moran review as a concerted, comprehensive and emergent strategy for public service reform | ||
| 260 | _c2010 | ||
| 300 | _ap.115-51 | ||
| 362 | _aJun | ||
| 520 | _aOn 3 September 2009, Prime Minister Rudd announced a six-month Review of Australian Government Administration. he appointed on Advisory Group chaired by Terry Moran, Secretary of the Department of Prime Minister and Cabinet, to prepare a discussion paper, oversee a benchmarking study and consultations, and craft a blueprint to reform the Australian Public Service (APS) in order to deal with future governance challenges. the vision is to develop a forward-looking, innovative, collaborative, citizen-focused, agile, informed and highly-skilled APS to advise and deliver policy and services for government. ahead of the Game, a comprehensive Blueprint for action, was released on 29 March 2010. This article provides a high-level review of motivations and process for the Moran Review, an overview of the Blueprint, an assessment of the strategy and process, and suggestions for moving forward on selected issues. - Reproduced. | ||
| 650 | _aAdministrative reform | ||
| 773 | _aAustralian Journal of Public Administration | ||
| 908 | _aN | ||
| 909 | _a87090 | ||
| 999 |
_c87090 _d87090 |
||